| 000 | 01000nam a2200217 i 4500 | ||
|---|---|---|---|
| 001 | 189670 | ||
| 003 | ES-MaACL | ||
| 005 | 20251012063104.0 | ||
| 008 | 190902s1949 sp |||| | spa d | ||
| 100 | 1 |
_aÁlvarez Delgado, Juan, _d1900-1987 _920793 |
|
| 245 | 1 | 0 |
_aSistema de numeración norteafricano _b: A. Numerales canarios .- B. Sistema numeral norteafricano: caracteres : estudio de lingüística comparada sobre el sistema de numeración... de los aborígenes de Canarias / _cJuan Álvarez Delgado. |
| 260 |
_aMadrid : _bInstituto Antonio de Nebrija, _c1949. |
||
| 300 |
_a184 p. ; _c24 cm. |
||
| 490 | 1 |
_aColección de Manuales "Emérita" ; _v8 |
|
| 594 | _aPrecede al tít.: Consejo Superior de Investigaciones Científicas. Patronato Menéndez Pelayo. | ||
| 650 | 4 |
_aLengua guanche. _9153659 |
|
| 710 | 2 |
_aPatronato "Marcelino Menéndez Pelayo" _96189 |
|
| 830 | 0 |
_aColección de Manuales "Emérita" ; _v8 _9193364 |
|
| 852 |
_aES-MaACL _jP-746-8 |
||
| 999 |
_c189670 _d189670 |
||